| 000 | 01302nam a2200241Ia 4500 | ||
|---|---|---|---|
| 999 |
_c52393 _d52393 |
||
| 001 | 19413 | ||
| 003 | GE_BSU | ||
| 005 | 20200310172840.0 | ||
| 008 | 181216s1941||||ge |||||||||||||| ||geo|| | ||
| 040 | _cGE_BSU | ||
| 041 | _ageo | ||
| 080 | _a811.353.1(058) მ-80 | ||
| 245 |
_a აკად. ნ. მარის სახელობის ენის, ისტორიისა და მატერიალური კულტურის ინსტიტუტის მოამბე = Известия института языка, истории и материальной культуры им. акад. Н.Я. Марра = Bulletin De L'Institut Marr De Langues, D'Histoire et De Culture Materielle : _bმოამბე X / _cრედ. სიმონ ჯანაში ; |
||
| 264 |
_aთბილისი : _bსაქ. მეცნ. აკად გამ–ბა, _c1941. |
||
| 300 |
_a428 გვ. ; _c25სმ. _e |
||
| 490 | _a(ენიმკის) მოამბე | ||
| 520 | _a(ენიმკის) მოამბე | ||
| 541 | _h3ლ.40თ. | ||
| 653 | _aენათმეცნიერება | ||
| 653 | _aმოამბე X | ||
| 700 |
_aჯანაშია, სიმონ _d _eრედაქტორი _97704 |
||
| 942 |
_cBK _2udc |
||